How to read body language (Record no. 590765)

000 -LEADER
fixed length control field 00597nam a22001697a 4500
003 - CONTROL NUMBER IDENTIFIER
control field NUST
005 - DATE AND TIME OF LATEST TRANSACTION
control field 20220802183401.0
008 - FIXED-LENGTH DATA ELEMENTS--GENERAL INFORMATION
fixed length control field 220802b ||||| |||| 00| 0 eng d
020 ## - INTERNATIONAL STANDARD BOOK NUMBER
International Standard Book Number 9798691101694
038 ## - RECORD CONTENT LICENSOR
Staff Name Azhar
082 ## - DEWEY DECIMAL CLASSIFICATION NUMBER
Classification number 808.50712
Author Mark AUG
100 ## - MAIN ENTRY--PERSONAL NAME
Personal name Harvey Augustus
9 (RLIN) 96362
245 ## - TITLE STATEMENT
Title How to read body language
Remainder of title secrets to analyzing &speed reading people like a book- how how to understand & talk to any person(nonverbal communication training mastery to improve your social skills)
Statement of responsibility, etc. Harvey Augustus
260 ## - PUBLICATION, DISTRIBUTION, ETC.
Place of publication, distribution, etc. USA
Name of publisher, distributor, etc. Harvey Augustus
Date of publication, distribution, etc. 2021
300 ## - PHYSICAL DESCRIPTION
Extent 191p
942 ## - ADDED ENTRY ELEMENTS (KOHA)
Source of classification or shelving scheme
Koha item type Lincoln Corner
Holdings
Withdrawn status Lost status Source of classification or shelving scheme Damaged status Not for loan Permanent Location Current Location Shelving location Date acquired Full call number Barcode Date last seen Price effective from Koha item type
          Central Library (CL) Central Library (CL) Lincoln Corner 08/02/2022 808.50712 AUG LC-30 08/02/2022 08/02/2022 Reference
© 2023 Central Library, National University of Sciences and Technology. All Rights Reserved.